• 首页
  • 本馆介绍
  • 公告通知
  • 最新文献
  • 馆藏检索
  • 电子资源
  • 读者导购
  • 参考咨询
  • 我的图书馆
  • 登录
  • 详细信息显示
  • 放入我的书架
  • 预约/预借图书
  • 作者相关作品
  • 分类相关作品
  • 丛书相关作品
  • 出版社相关作品

书目信息

  • 表格格式
  • 工作单格式
  • 卡片格式
题名:
西方世界的兴起
    
 
作者: 诺斯 , 托马斯 著 ;张炳九 译
分册:  
出版信息: 北京   学苑出版社  1988.11
页数: 222页
开本: 19cm
丛书名:
单 册:
中图分类: F110
科图分类:
主题词: 经济--世界 , 国际经济关系
电子资源:
ISBN: 7-80060-205-2
000 00657nam0 2200229 45
001 0404251068
005 20040425104032.0
010    @a7-80060-205-2@dCNY2.85
100    @a20040425d1988 km y0chiy0120 ea
101 0  @achi@ceng
105    @a z 000yy
200 1  @a西方世界的兴起@AXi Fang Shi Jie De Xing Qi@f(美)诺斯,托马斯著@F(Mei)Nuo Si,Tuo Ma Si Zhu@g张炳九译
210    @a北京@c学苑出版社@d1988.11
215    @a222页@d19cm
606 0  @a经济@x世界
606 0  @a国际经济关系
690    @aF110@v3
701  0 @a诺斯@4著
701  0 @a托马斯@4著
702  0 @a张炳九@AZhang Bing Jiu@4译
801    @aCN@bTSTCL@c20040425
905    @f1@b220683@dF110@e57
    
    西方世界的兴起/(美)诺斯,托马斯著/张炳九译.-北京:学苑出版社,1988.11
    222页;19cm
    
    
    ISBN 7-80060-205-2:CNY2.85
    
●
相关链接 在E读中查询图书 在五车中查询图书 在当当中查询图书 在豆瓣中查询图书


正题名:西方世界的兴起     索取号:F110/57         预约/预借

序号 登录号 条形码 馆藏地/架位号 状态 备注
1 0220683   000196861   密集书库/ [索取号:F110/57] 在馆    
2 0220684   002056991   第一样本阅览室/ [索取号:F110/57] 在馆    
唐山师范学院图书馆 欢迎您!
大连网信软件有限公司© 版权所有